Célébrités commençant par la lettre B - Statistiques

Statistiques générales
  • Ce quiz a été pris 738 fois
  • Le résultat moyen est 11 sur 16
Statistiques - réponses
Par images Réponse % Correct
Brigitte Macron
96%
Brad Pitt
92%
Beyonce
91%
Bruno Mars
88%
Booba
85%
Britney Spears
84%
Brigitte Bardot
61%
Bruce Willis
61%
Bill Gates
59%
Bella Hadid
58%
Bénabar
49%
Benjamin Biolay
46%
Benjamin Mendy
46%
Bernard Arnault
46%
Barbara Pravi
44%
Bob Sinclar
44%
Aucun quiz correspondant
Distribution des résultats
% des personnes avec chaque résultat
Percentile par nombre de réponses
Votre historique - résultats
Vous n’avez pas pris ce quiz